Statistics for The Most Linguistically Diverse Countries

Click here to take the quiz!

General Stats

  • This quiz has been taken 171 times
  • The average score is 8 of 10

Answer Stats

RankTotal LanguagesCountry% Correct
5328United States
94%
7309China
93%
4456India
93%
10221Brazil
88%
2711Indonesia
85%
1840Papua New Guinea
81%
8292Mexico
75%
3517Nigeria
72%
6312Australia
68%
9274Cameroon
30%

Score Distribution

Percentile by Number Answered

Percent of People with Each Score

Your Score History

You have not taken this quiz